000
00204nam a2200085Ia 4500
008
211105s9999 xx 000 0 und d
020
_a
798206896"
100
_a
** Cape Town, 1982
_9
126401
245
0
_a
Abraham
999
_c
597532
_d
597531